00541nam a2200169 i 450000100060000000300090000600500170001500700030003200800410003510000200007624501180009626000330021430000340024765000250028170000450030685200200035180395ES-MaACL20251002203813.0t|041027s1928 sp ||||1| spa d1 aHoeber, Rudolf.10aFisiología humana / cRudolf Höber ; traducción de la tercera edición alemana por E. Fernández Galiano. aBarcelona : bLabor, c1928. aXI, 691 p. : bil. ; c23 cm. 4aFisiología humana.1 aFernández Galiano, Emilio, d1885-1953 aES-MaACLjE-650